00889nam a2200253 i 4500001000300000100002100003245010700024246004500131260004800176300003600224500004900260504002600309650002300335655003000358700002300388700002700411020001500438040000800453041001300461080001000474080001200484008004100496856009800537bg1 aLandreth, Harry.10aHistoria myśli ekonomicznej /cHarry Landreth, David C. Colander ; przekł. [z ang.] Adam Szeworski. iTyt. oryg.:aHistory of economic thought aWarszawa :bWydawnictwo Naukowe PWN,c1998. a744 s. :bwykr., err. ;c22 cm. aOryg. : "History of economic thought". 1994. aBibliogr. przy rozdz. 4aEkonomiaxhistoria aPodręczniki akademickie1 aColander, David C.1 aSzeworski, Adam.eTł. a8301123974 cBPK1 apolheng a330.8 a(075.8) s pl f |000 0 pol  uhttp://koha.tu.koszalin.pl/cgi-bin/koha/opac-detail.pl?biblionumber=51026yKatalog online BPK